00323nam a2200121Ia 4500008004100000020001800041041000800059082002600067100001500093245004500108260003900153300000900192230411s9999 xx 000 0 und d a0-7279-0835-9 aeng aOG/616.071/BAR/B02551 aBarker DJP aMothers Babies and Disease in Later Life bBMJ Publishing GroupaLondonc1994 a180p